| 000 | 00717aam a2200277 4500 | ||
|---|---|---|---|
| 005 | 20250820105714.0 | ||
| 008 | 150608b xxu||||| |||| 00| 0 spa d | ||
| 020 | _a9789968310840 | ||
| 041 | _aESP | ||
| 082 | _aCR 861.44 G489p | ||
| 100 |
_aGil Salas, Erick _923790 |
||
| 245 | _aPoesía turrialbeña, 1960-1990 | ||
| 260 | _aCosta Rica | ||
| 260 | _bEUNED | ||
| 260 | _c2010 | ||
| 300 | _a140 páginas | ||
| 300 | _bIlustraciones a blanco y negro | ||
| 490 | _aTEMÁTICA GENERAL | ||
| 650 | _aTEMÁTICA GENERAL | ||
| 650 | _aPOESÍA COSTARRICENSE | ||
| 650 | _aLITERATURA COSTARRICENSE | ||
| 650 | _aPOESÍA TURRIALBEÑA | ||
| 650 | _aCOMPILACIÓN | ||
| 650 | _aCOSTA RICA | ||
| 942 |
_cLIT _2ddc |
||
| 999 |
_c2707 _d2707 |
||